<?xml version="1.0" encoding="UTF-8"?>
<record
    xmlns:xsi="http://www.w3.org/2001/XMLSchema-instance"
    xsi:schemaLocation="http://www.loc.gov/MARC21/slim http://www.loc.gov/standards/marcxml/schema/MARC21slim.xsd"
    xmlns="http://www.loc.gov/MARC21/slim">

  <leader>00754cam a22002651  4500</leader>
  <controlfield tag="001">ne 67001439 </controlfield>
  <controlfield tag="003">DLC</controlfield>
  <controlfield tag="005">20260227111834.0</controlfield>
  <controlfield tag="008">900418s1966    ua       b    000 0bara  </controlfield>
  <datafield tag="010" ind1=" " ind2=" ">
    <subfield code="a">ne 67001439 </subfield>
  </datafield>
  <datafield tag="025" ind1=" " ind2=" ">
    <subfield code="a">PL480:UAR-8340</subfield>
  </datafield>
  <datafield tag="035" ind1=" " ind2=" ">
    <subfield code="a">(OCoLC)21390004</subfield>
  </datafield>
  <datafield tag="040" ind1=" " ind2=" ">
    <subfield code="a">DLC</subfield>
    <subfield code="c">WaU</subfield>
    <subfield code="d">WaU</subfield>
    <subfield code="d">DLC</subfield>
  </datafield>
  <datafield tag="042" ind1=" " ind2=" ">
    <subfield code="a">premarc</subfield>
  </datafield>
  <datafield tag="050" ind1="0" ind2="0">
    <subfield code="a">DS97.2.U4</subfield>
    <subfield code="b">S2</subfield>
  </datafield>
  <datafield tag="100" ind1="1" ind2=" ">
    <subfield code="a">&#x1E62;afwat, A&#x1E25;mad Zak&#x12B;.</subfield>
  </datafield>
  <datafield tag="245" ind1="1" ind2="0">
    <subfield code="a">&#x2BB;Umar ibn &#x2BB;Abd al-&#x2BB;Az&#x12B;z</subfield>
    <subfield code="c">[ta&#x2BC;l&#x12B;f] A&#x1E25;mad Zak&#x12B; &#x1E62;afwat.</subfield>
  </datafield>
  <datafield tag="250" ind1=" " ind2=" ">
    <subfield code="a">[al-&#x1E6C;ab&#x2BB;ah 3]</subfield>
  </datafield>
  <datafield tag="260" ind1=" " ind2=" ">
    <subfield code="a">Mi&#x1E63;r,</subfield>
    <subfield code="b">D&#x101;r al-Ma&#x2BB;&#x101;rif</subfield>
    <subfield code="c">[1966]</subfield>
  </datafield>
  <datafield tag="300" ind1=" " ind2=" ">
    <subfield code="a">119 p.</subfield>
    <subfield code="c">17 cm.</subfield>
  </datafield>
  <datafield tag="490" ind1="0" ind2=" ">
    <subfield code="a">Iqra&#x2BC; ;</subfield>
    <subfield code="v">65</subfield>
  </datafield>
  <datafield tag="504" ind1=" " ind2=" ">
    <subfield code="a">Bibliography: p. 118-119.</subfield>
  </datafield>
  <datafield tag="600" ind1="0" ind2="0">
    <subfield code="a">&#x2BB;Umar</subfield>
    <subfield code="b">II,</subfield>
    <subfield code="c">Caliph,</subfield>
    <subfield code="d">-720.</subfield>
  </datafield>
  <datafield tag="830" ind1=" " ind2="0">
    <subfield code="a">Iqra&#x2BC; (Cairo, Egypt) ;</subfield>
    <subfield code="v">65</subfield>
  </datafield>
  <datafield tag="999" ind1=" " ind2=" ">
    <subfield code="c">49742</subfield>
    <subfield code="d">49742</subfield>
  </datafield>
</record>
